00590nam a22001457a 4500082001200000100002700012245011700039260003700156300002000193650004400213700003000257942001300287999001900300952012500319 a620.005 aTahir, Muhammad Faseeh aAdoption of Decision Support Systems (DSS) to Supplement Organizational Decision Making /cMuhammad Faseeh Tahir aIslamabad :bCEME - NUST,c2012. a125 p. ;c30cm. aEngineering Management-MS-Thesis916065 aDr. Shafqat Hameed929330 2ddccTHE c536973d536973 00102ddc406620_005000000000000709499988aCLbCLcTHEd2020-10-19l0o620.005pCL-T-494r2020-10-19w2020-10-19yTHE